01503nam a22002655i 4500001000700000003000900007005001700016008004100033040002000074100002800094245023300122260008300355300001900438530003500457594007700492596005100569600002800620600004000648650003300688852025800721856008900979942000801068999001901076952014201095153012ES-MaACL20260203150624.0050823s1798 sp | |||||||| ||spa d aCAM bspa cCAM1 aCastillo, Pedro.93671410aCarta apologética de la cirugía forense del Dr. Don Domingo Vidal, para servir de ilustración crítica a la obra original que copió sobre la misma materia D. Juan Fernandez del Valle &c. &c. / csu autor Pedro Castillo. aEn Zaragoza : ben la oficina de B [...], Impresor de la Real So[...],c[s.a.] a34 p. ; c4º. aDisponible en formato digital. aPrecede al tit.: Para casos como estos tienen discípulos los maestros. aTexto fechado en Zaragoza, 10 de mayo de 1798.14aVidal, Domingo.915521704aFernández del Valle, Juan.949735 7aMedicina legal2embne914928 aES-MaACLjR-3101 x Encuadernación piel con hierros q Deteriorado en el borde inferior afectando al pie de imp.; restaurado cDEPO1dOlim:T-419-F-21 g Dedicatoria manuscrita de José Velez Sánchez a la Biblioteca de los Escolares Médicos4 uhttp://bdh-rd.bne.es/viewer.vm?id=0000064631&page=1 yBiblioteca Digital Hispánica 2udc c153012d153012 001040708Colección_digitalaATENEOMbATENEOMcDEPOd2008-01-17eSSCl0oR-3101p1159851r2023-02-23 00:00:00w2023-02-23yMONOGRAFIA